Catálogo público

Ascomycete systematics. problems and perspectives in the nineties / (Record no. 200548)

MARC details
000 -CABECERA
campo de control de longitud fija 00744nam a2200265Ia 4500
001 - NÚMERO DE CONTROL
campo de control Para_1941
003 - IDENTIFICADOR DEL NÚMERO DE CONTROL
campo de control CHAP
008 - DATOS DE LONGITUD FIJA--INFORMACIÓN GENERAL
campo de control de longitud fija 220125s1994 xx 000 0 und d
010 ## - NÚMERO DE CONTROL DE LA BIBLIOTECA DEL CONGRESO
Número de control de LC 200548
040 ## - FUENTE DE LA CATALOGACIÓN
Centro/agencia transcriptor CHAP
082 ## - NÚMERO DE LA CLASIFICACIÓN DECIMAL DEWEY
Número de clasificación PA 589.23 H35
100 ## - ENTRADA PRINCIPAL--NOMBRE DE PERSONA
Nombre de persona HawKsworth, David L.
9 (RLIN) 165408
245 ## - MENCIÓN DE TÍTULO
Título Ascomycete systematics. problems and perspectives in the nineties /
Mención de responsabilidad, etc. by David L. HawKsworth
260 ## - PUBLICACIÓN, DISTRIBUCIÓN, ETC.
Lugar de publicación, distribución, etc. New York . Plenum Press
300 ## - DESCRIPCIÓN FÍSICA
Extensión 453 p.
440 ## - MENCIÓN DE SERIE/PUNTO DE ACCESO ADICIONAL--TÍTULO
Título Nato asi series a : life sciences; 269
9 (RLIN) 165409
650 ## - PUNTO DE ACCESO ADICIONAL DE MATERIA--TÉRMINO DE MATERIA
Término de materia o nombre geográfico como elemento de entrada Ascomicetos
9 (RLIN) 7881
901 ## - ELEMENTOS DE DATOS A LOCAL LDA (RLIN)
a PA 589.23 H35
902 ## - ELEMENTOS DE DATOS B LOCAL, LDB (RLIN)
a A
905 ## - ELEMENTOS DE DATOS E LOCAL, LDE (RLIN)
a 0000001994 a 0000000000 00
910 ## - DATOS DE OPCIÓN DEL USUARIO (OCLC)
Datos de opción del usuario 1994
942 ## - ELEMENTOS DE PUNTO DE ACCESO ADICIONAL (KOHA)
Tipo de ítem Koha Parasitologia_
942 ## - ELEMENTOS DE PUNTO DE ACCESO ADICIONAL (KOHA)
Tipo de ítem Koha Parasitologia_
-- 1
Holdings
Estado de retiro Estado de pérdida Fuente del sistema de clasificación o colocación Estado dañado Restricciones de uso No para préstamo Código de colección Localización permanente Ubicación/localización actual Fecha de adquisición Información codificada de la localización en otra ubicación Número de inventario Total de préstamos Signatura topográfica completa Código de barras Fecha visto por última vez Número de copia Precio válido a partir de Tipo de ítem Koha Nota pública
    Dewey Decimal Classification   Préstamo 3 días   General Parasitologia Agricola Parasitologia Agricola 27/10/2005 PARA (PA_7580) (No. UACh 180167)   PA 589.23 H35 4102000698 25/01/2022 Ej.1 25/01/2022 Libro 3